| 000 | 00889cam a22002895a 4500 | ||
|---|---|---|---|
| 001 | 016864915 | ||
| 003 | OSt | ||
| 005 | 20201128024128.0 | ||
| 008 | 140905t2015 enka frb 001 0 eng d | ||
| 020 | _a9781292065625 | ||
| 020 | _a1292065621 | ||
| 040 |
_aUk _beng _cUk _dUkCU _dUk _dUk _dEG-ScBUE |
||
| 082 | 0 | 4 |
_222 _a155 _bBOY |
| 100 | 1 |
_aBoyd, Denise Roberts. _920646 |
|
| 245 | 1 | 0 |
_aLifespan development / _cDenise Boyd, Helen Bee. |
| 250 | _a7th ed., Global ed. | ||
| 260 |
_aHarlow : _bPearson Education Limited, _cc.2015. |
||
| 300 |
_a621 p. : _bill. ; _c28 cm. |
||
| 500 | _aPrevious edition : 2012. | ||
| 504 | _aIncludes bibliographical references and indexes. | ||
| 650 | 7 |
_aDevelopmental psychology. _2BUEsh _9952 |
|
| 650 | 7 |
_aLife cycle, Human. _2BUEsh _936156 |
|
| 651 | _2BUEsh | ||
| 653 |
_bHHUUPPSS _cFebruary2017 |
||
| 700 | 1 |
_aBee, Helen L., _d1939- |
|
| 942 | _2ddc | ||
| 999 |
_c24103 _d24075 |
||